000 00500nam a2200205Ia 4500
003 OSt
005 20250930115339.0
008 250729s2007 xx 000 0 und d
020 _a978-8183420440
040 _cAL
041 _aeng
082 _a304.6 KAMP
100 _aKamat H D
_9222849
245 _aPopulation education
260 _aNew Delhi
_bCrescent Publication
_c2007
300 _a323p
650 _aPopulation Education
_9222850
700 _aDavid A
_9222851
942 _2ddc
_cBED
999 _c235638
_d235638